Obvody řídicích systémů. IBM PC XT + AT /

Salvato in:
Dettagli Bibliografici
Autore principale: Vlach, Jaroslav (Autore)
Natura: Libro
Lingua:multilingua
Pubblicazione: Sokolov : Gethond, 1996
Edizione:1. vyd.
Tags: Aggiungi Tag
Nessun Tag, puoi essere il primo ad aggiungerne!!

MARC

LEADER 00000nam a22000003a 4500
001 stu32839
005 20150617225731.7
008 961121s1996----xr------------------mul-d
040 |a STU  |b slo 
041 0 |a mul 
044 |a xr 
080 |a 681.52 
100 1 |a Vlach, Jaroslav  |4 aut 
245 1 |a Obvody řídicích systémů. IBM PC XT + AT /  |c [aut.] Vlach,Jaroslav 
250 |a 1. vyd. 
260 |a Sokolov :  |b Gethond,  |c 1996 
300 |a 76 s 
996 |b J92700  |c J*92700  |l JJK9  |s P  |a 0  |w stu32839_0001 
996 |b J92648  |c J*92648  |l JJK16  |s P  |a 0  |w stu32839_0002